000 006600000a22002170004500
090 _aAR
_b00082
245 1 0 _aSystematics, geographic distribution, and some notes on the conservation status of the Callitrichidae
650 1 4 _aFauna
_992594
650 1 4 _aMamíferos
_992510
650 1 4 _aPrimates
_992938
650 1 4 _aBiogeografía
_992747
650 1 4 _aDistribución
_992865
650 1 4 _aTaxonomía
_992343
653 _fCallitrichidae
041 0 _aInglés
700 1 _aMittermeier, Russell A.
_96443
700 1 _aCoimbra-Filho, Aldemar F.
_992939
100 1 _aRylands, Anthony B.
_950704
942 _cARTICULO
773 1 _tPreprint
_33
_q11-77
_d1992?
999 _c9183
_d9183